zpět

Detail výsledku týmu

Adélka, Pustiměř

Datum a čas kvízu

33 Celkem bodů Celkový počet nahraných bodů na tomto kvízu bez doplňovacích otázek.
2. Pořadí na kvízu Konečné umístění týmu na tomto kvízu.

Zaznamenané odpovědi

# Otázka Odpověď Body Výsledky
1. V sobotu se uskutečnilo zasaze... v Chorvatsku 0
2. Italská policie zabavila minul... Šeherezáda 1
3. Jistý kanadský zpěvák nechal s... Justin Bieber 1
4. V minulém týdnu se vyrojily sp... guvernér ČNB 1
5. Jak se jmenují dva fotbalové k... FC Liverpool, Real Madrid CF 1
6. V tomto tématu se podíváme na... Siena (Kateřina Sienská) 1
7. Jedním z našich národních patr... Žďár nad Sázavou 1
8. Na obrázku vidíme svatého Vlad... Kyjevská Rus 1
9. Svatý Ivan Rilský byl poustevn... Bulharska 0
10. Které evropské světici se někd... Johance / Janě z Arku 1